00444nam a2200121Ia 4500003000400000005001700004008004100021040001800062041000800080100004200088245015700130260003500287OSt20260121142135.0211028s2015 xx 000 0 und d cAIMIT LIBRARY aeng aC, Abhishek; Wright, Rowena.g1316004 aStudy on the effectiveness of the labour welfare facilities provided to the employee sof Karnataka State Road Transport Corporation Mangalore division / aMangalorebRowena Wrightc2015